000 00286nam a22001097a 4500
082 _a658 MAN'
245 _aMANAGEMENT MAN MANAGEMENT COMMUNICATION LEADERSHIP IN MANAGEMENT
260 _aKULDANA
_bARMY SCHOOL OF LOGISTICS
300 _aVOL-5
650 _aMANAGEMENT
_9419
942 _cBK
999 _c578112
_d578112